[Event "7. Open de Sants Hostafrancs"]
[Site "Barcelona ESP"]
[Date "2005.08.28"]
[Round "3.15"]
[White "Fluvia Poyatos, Joan"]
[Black "Lacasta Palacios, Joaquim"]
[Result "1-0"]
[WhiteElo "2458"]
[BlackElo "2180"]
[PlyCount "35"]
[EventDate "2005.08.27"]
[EventType "swiss"]
[EventRounds "10"]
[EventCountry "ESP"]
[Source "lmi"]
[SourceDate "2005.08.30"]

1. e4 d5 2. exd5 Qxd5 3. Nc3 Qa5 4. d4 c6 5. Nf3 Bf5 6. Bc4 e6 7. Bd2 Qc7 8.
Ne5 Nd7 9. Nxf7 Kxf7 10. g4 Nb6 11. gxf5 Nxc4 12. Qe2 exf5 13. Qxc4+ Ke8 14.
O-O-O Kd8 15. d5 Kc8 16. d6 Qd7 17. Rhe1 Nf6 18. Bf4 1-0

[Event "7. Open de Sants Hostafrancs"]
[Site "Barcelona ESP"]
[Date "2005.08.28"]
[Round "3.18"]
[White "Chalmeta Ugas, Ramon"]
[Black "Barrientos Chavarriaga, Sergio"]
[Result "1/2-1/2"]
[WhiteElo "2191"]
[BlackElo "2433"]
[PlyCount "118"]
[EventDate "2005.08.27"]
[EventType "swiss"]
[EventRounds "10"]
[EventCountry "ESP"]
[Source "lmi"]
[SourceDate "2005.08.30"]

1. e4 c5 2. Nf3 e6 3. Nc3 Nc6 4. g3 d5 5. d3 Nf6 6. exd5 exd5 7. Bg2 Be7 8. O-O
O-O 9. d4 c4 10. Ne5 h6 11. b3 Qa5 12. Ne2 cxb3 13. cxb3 Bf5 14. Nxc6 bxc6 15.
Bd2 Qb6 16. Rc1 Ba3 17. Rc3 Ne4 18. Re3 Nxd2 19. Qxd2 Rfe8 20. Nc1 Qb4 21. Qc3
Rxe3 22. Qxe3 Bb2 23. Rd1 Qc3 24. Nd3 Ba3 25. Ne5 Qxe3 26. fxe3 Rc8 27. Rf1 Be6
28. Rf2 c5 29. Rc2 Re8 30. Bf1 f6 31. Nc6 Bf5 32. Rc3 cxd4 33. Nxd4 Be4 34. Rc7
a5 35. Bb5 Re7 36. Rc8+ Kh7 37. Nc6 Rb7 38. Nd4 h5 39. Bc6 Re7 40. Kf2 Re5 41.
Rd8 Bc1 42. Re8 Bb1 43. Rxe5 fxe5 44. Nf3 Bxa2 45. Bxd5 Kh6 46. e4 Bb2 47. Ke2
Bb1 48. h4 Bc3 49. Ng5 Kg6 50. Bf7+ Kh6 51. Bd5 Bc2 52. Bf7 g6 53. Bd5 Kg7 54.
Nf3 Kf6 55. Ne1 Bb1 56. Nd3 Bxd3+ 57. Kxd3 Be1 58. g4 hxg4 59. Ke2 Bxh4 1/2-1/2

[Event "7. Open de Sants Hostafrancs"]
[Site "Barcelona ESP"]
[Date "2005.08.28"]
[Round "3.19"]
[White "Gonzalez Garcia, Marc"]
[Black "Zude, Erik"]
[Result "0-1"]
[WhiteElo "2177"]
[BlackElo "2424"]
[PlyCount "74"]
[EventDate "2005.08.27"]
[EventType "swiss"]
[EventRounds "10"]
[EventCountry "ESP"]
[Source "lmi"]
[SourceDate "2005.08.30"]

1. d4 Nf6 2. Nf3 g6 3. c3 Bg7 4. Bg5 O-O 5. Nbd2 d6 6. e4 c5 7. d5 h6 8. Bh4
Nbd7 9. Be2 b5 10. O-O Rb8 11. Qc2 a5 12. a4 bxa4 13. Rxa4 Nb6 14. Ra2 a4 15.
Nc4 Nxc4 16. Bxc4 Bd7 17. e5 Bf5 18. Qd1 Ne4 19. exd6 Nxd6 20. Bd3 a3 21. bxa3
Bxc3 22. Bg3 Bg4 23. Qc1 Bxf3 24. gxf3 Qa5 25. Qxh6 c4 26. Be4 Bg7 27. Qg5 Bf6
28. Qh6 Rb3 29. h4 Qb6 30. Kh2 Nxe4 31. fxe4 Bg7 32. Qg5 c3 33. Rc2 Rb2 34.
Rfc1 Qb3 35. Rxc3 Bxc3 36. Qxe7 Bd4 37. Kg2 Bxf2 0-1

[Event "7. Open de Sants Hostafrancs"]
[Site "Barcelona ESP"]
[Date "2005.08.28"]
[Round "3.20"]
[White "Hallerod, Ralph"]
[Black "Escobar Forero, Alder"]
[Result "0-1"]
[WhiteElo "2164"]
[BlackElo "2416"]
[PlyCount "68"]
[EventDate "2005.08.27"]
[EventType "swiss"]
[EventRounds "10"]
[EventCountry "ESP"]
[Source "lmi"]
[SourceDate "2005.08.30"]

1. d4 Nf6 2. c4 d6 3. Nc3 Nbd7 4. e4 e5 5. d5 Be7 6. Be3 O-O 7. Nf3 c6 8. h3 a6
9. a4 a5 10. Be2 Ne8 11. Qc2 Nc7 12. O-O Na6 13. Ne1 c5 14. Bg4 Nc7 15. Qd2 Ne8
16. b3 g6 17. Bh6 Ng7 18. Qc2 Bg5 19. Bxg7 Kxg7 20. g3 h5 21. Bf3 h4 22. Bg4
Bh6 23. Bxd7 Bxd7 24. g4 f5 25. f3 fxg4 26. fxg4 Be3+ 27. Kg2 Rxf1 28. Kxf1
Qf6+ 29. Kg2 Bxg4 30. hxg4 h3+ 31. Kxh3 Qf1+ 32. Ng2 Rh8+ 33. Kg3 Bf4+ 34. Nxf4
exf4# 0-1

[Event "7. Open de Sants Hostafrancs"]
[Site "Barcelona ESP"]
[Date "2005.08.29"]
[Round "4.1"]
[White "Peralta, Fernando"]
[Black "Fluvia Poyatos, Joan"]
[Result "1-0"]
[WhiteElo "2553"]
[BlackElo "2458"]
[PlyCount "73"]
[EventDate "2005.08.27"]
[EventType "swiss"]
[EventRounds "10"]
[EventCountry "ESP"]
[Source "lmi"]
[SourceDate "2005.08.30"]

1. d4 Nf6 2. c4 e6 3. Nc3 Bb4 4. e3 O-O 5. Bd3 d5 6. Nf3 c5 7. O-O cxd4 8. exd4
dxc4 9. Bxc4 b6 10. Qe2 Bb7 11. Bg5 Nbd7 12. Ne5 Bxc3 13. bxc3 Qc7 14. Nxd7
Qxd7 15. Bxf6 gxf6 16. d5 Bxd5 17. Rad1 Kh8 18. Bxd5 exd5 19. Qf3 Qc6 20. c4
Rad8 21. cxd5 Qd6 22. Rfe1 Rfe8 23. g3 Re5 24. Rxe5 Qxe5 25. Qa3 Kg7 26. d6 Rd7
27. Qb4 f5 28. Rd4 Kf6 29. h4 Qe2 30. Qc3 Qe5 31. Qb4 Qe2 32. g4 Qxa2 33. Qc3
Qa5 34. Qe3 Qc5 35. Qg5+ Ke5 36. Rd1 Qc2 37. f4+ 1-0

[Event "7. Open de Sants Hostafrancs"]
[Site "Barcelona ESP"]
[Date "2005.08.29"]
[Round "4.2"]
[White "Levin, Felix"]
[Black "Fluvia Poyatos, Jordi"]
[Result "0-1"]
[WhiteElo "2501"]
[BlackElo "2443"]
[PlyCount "48"]
[EventDate "2005.08.27"]
[EventType "swiss"]
[EventRounds "10"]
[EventCountry "ESP"]
[Source "lmi"]
[SourceDate "2005.08.30"]

1. d4 d5 2. Nf3 Bf5 3. c4 e6 4. Nc3 Bb4 5. Qa4+ Nc6 6. cxd5 Qxd5 7. a3 Bxc3+ 8.
bxc3 b5 9. Qd1 Nf6 10. Nd2 e5 11. e3 O-O 12. Be2 exd4 13. cxd4 Nxd4 14. exd4
Qxg2 15. Rf1 Rfe8 16. Nb3 Ng4 17. Bf4 Re4 18. Be5 Nxe5 19. dxe5 Bh3 20. Kd2
Rd8+ 21. Bd3 Rxe5 22. Kc3 Qc6+ 23. Kb2 Red5 24. Qf3 Bf5 0-1

[Event "7. Open de Sants Hostafrancs"]
[Site "Barcelona ESP"]
[Date "2005.08.29"]
[Round "4.3"]
[White "Grigore, George Gabriel"]
[Black "Zude, Erik"]
[Result "1/2-1/2"]
[WhiteElo "2479"]
[BlackElo "2424"]
[PlyCount "73"]
[EventDate "2005.08.27"]
[EventType "swiss"]
[EventRounds "10"]
[EventCountry "ESP"]
[Source "lmi"]
[SourceDate "2005.08.30"]

1. d4 Nf6 2. c4 g6 3. Nc3 Bg7 4. e4 d6 5. Nf3 O-O 6. Be2 Na6 7. Bf4 Bg4 8. h3
Bxf3 9. Bxf3 Nd7 10. Bg5 c6 11. Qd2 Nc7 12. d5 Re8 13. O-O a5 14. Rab1 Na6 15.
Be3 Qc7 16. Bd4 Bxd4 17. Qxd4 Qb8 18. Be2 Qa7 19. Qd2 Nac5 20. b3 Nf6 21. Qf4
Qb8 22. Rfe1 Kg7 23. Rbd1 e5 24. dxe6 Rxe6 25. Bf3 Qc7 26. Rd4 Qb6 27. Rxd6
Rxd6 28. Qxd6 Rd8 29. Qg3 Qb4 30. e5 Qxc3 31. exf6+ Qxf6 32. Qc7 Rd2 33. Qxa5
Qd4 34. Re3 Rxf2 35. Kxf2 Nd3+ 36. Ke2 Nf4+ 37. Kf2 1/2-1/2

[Event "7. Open de Sants Hostafrancs"]
[Site "Barcelona ESP"]
[Date "2005.08.29"]
[Round "4.4"]
[White "Escobar Forero, Alder"]
[Black "Gonzalez Garcia, Jose"]
[Result "0-1"]
[WhiteElo "2416"]
[BlackElo "2478"]
[PlyCount "54"]
[EventDate "2005.08.27"]
[EventType "swiss"]
[EventRounds "10"]
[EventCountry "ESP"]
[Source "lmi"]
[SourceDate "2005.08.30"]

1. e4 e6 2. d4 d5 3. Nd2 c5 4. exd5 exd5 5. dxc5 Bxc5 6. Nb3 Bb6 7. Nf3 Nf6 8.
Bb5+ Nc6 9. Qe2+ Ne4 10. Nfd4 O-O 11. Be3 Nxd4 12. Nxd4 Ba5+ 13. Kf1 a6 14. Bd3
Bb6 15. c3 Re8 16. Re1 Qf6 17. Kg1 Bd7 18. Qc2 Rac8 19. Re2 g6 20. h3 h5 21. g3
Nxg3 22. fxg3 Rxe3 23. Rxe3 Bxd4 24. Qf2 Bxe3 25. Qxe3 h4 26. Rh2 Re8 27. Qf2
Qxf2+ 0-1

[Event "7. Open de Sants Hostafrancs"]
[Site "Barcelona ESP"]
[Date "2005.08.29"]
[Round "4.5"]
[White "Al Sayed, Mohamad Naser"]
[Black "Panelo Muñoz, Marcelo"]
[Result "1/2-1/2"]
[WhiteElo "2478"]
[BlackElo "2404"]
[PlyCount "83"]
[EventDate "2005.08.27"]
[EventType "swiss"]
[EventRounds "10"]
[EventCountry "ESP"]
[Source "lmi"]
[SourceDate "2005.08.30"]

1. d4 Nf6 2. c4 e6 3. Nc3 Bb4 4. Qc2 O-O 5. e4 d6 6. e5 dxe5 7. dxe5 Ng4 8. Nf3
Nc6 9. Bf4 Nd4 10. Qe4 Bc5 11. Bg3 f5 12. exf6 Nxf6 13. Qb1 Nxf3+ 14. gxf3 e5
15. Qd3 Bd4 16. O-O-O Nh5 17. Qc2 Qg5+ 18. Kb1 Bf5 19. Bd3 Bxd3 20. Rxd3 Rf5
21. c5 b6 22. Ne4 Qg6 23. cxb6 axb6 24. Qxc7 Qe6 25. a3 Rc8 26. Qb7 Nxg3 27.
hxg3 Qc4 28. Rxd4 exd4 29. Nd6 Qc2+ 30. Ka1 Rc7 31. Qxb6 Rxf3 32. Qxd4 Rxf2 33.
Qd5+ Kf8 34. Qa8+ Ke7 35. Re1+ Kxd6 36. Qd8+ Kc6 37. Re6+ Kb7 38. Qd5+ Rc6 39.
Qb5+ Kc7 40. Qe5+ Kb7 41. Qb5+ Kc7 42. Qe5+ 1/2-1/2

[Event "7. Open de Sants Hostafrancs"]
[Site "Barcelona ESP"]
[Date "2005.08.29"]
[Round "4.6"]
[White "Matnadze, Ana"]
[Black "Narciso Dublan, Marc"]
[Result "1/2-1/2"]
[WhiteElo "2389"]
[BlackElo "2476"]
[PlyCount "82"]
[EventDate "2005.08.27"]
[EventType "swiss"]
[EventRounds "10"]
[EventCountry "ESP"]
[Source "lmi"]
[SourceDate "2005.08.30"]

1. d4 e6 2. Nf3 Nf6 3. g3 b5 4. Bg2 Bb7 5. a4 b4 6. c4 bxc3 7. Nxc3 Bb4 8. O-O
O-O 9. a5 c5 10. Qb3 Na6 11. dxc5 Nd5 12. Ng5 Nxc3 13. bxc3 Bxg2 14. cxb4 Bxf1
15. Qd3 f5 16. Qxa6 Qf6 17. Rb1 h6 18. Nf3 Bh3 19. Bb2 Qe7 20. Rd1 f4 21. Qd6
Qf7 22. Qd4 Rad8 23. b5 Qf6 24. a6 Qxd4 25. Rxd4 Rf5 26. Rc4 d6 27. c6 Rxb5 28.
Rc2 Rc5 29. c7 Rc8 30. Rxc5 dxc5 31. Be5 fxg3 32. Nd2 gxh2+ 33. Kxh2 Bg4 34. f3
Bh5 35. Nb3 c4 36. Na5 Be8 37. Nxc4 Bb5 38. Na5 Kf8 39. e4 Ke7 40. Nb3 Bxa6 41.
Kg3 g6 1/2-1/2

[Event "7. Open de Sants Hostafrancs"]
[Site "Barcelona ESP"]
[Date "2005.08.29"]
[Round "4.7"]
[White "Borges Mateos, Juan"]
[Black "Gordon, Stephen J"]
[Result "1/2-1/2"]
[WhiteElo "2467"]
[BlackElo "2390"]
[PlyCount "97"]
[EventDate "2005.08.27"]
[EventType "swiss"]
[EventRounds "10"]
[EventCountry "ESP"]
[Source "lmi"]
[SourceDate "2005.08.30"]

1. Nf3 c5 2. c4 Nc6 3. d4 cxd4 4. Nxd4 g6 5. e4 Nf6 6. Nc3 d6 7. Be2 Nxd4 8.
Qxd4 Bg7 9. Be3 O-O 10. Qd2 Be6 11. Rc1 Qa5 12. f3 Rfc8 13. b3 a6 14. Na4 Qxd2+
15. Kxd2 Nd7 16. f4 f5 17. exf5 gxf5 18. Bf3 Rc7 19. Rhe1 Bf7 20. Nb6 Nxb6 21.
Bxb6 Rd7 22. g4 d5 23. c5 e5 24. fxe5 Bh6+ 25. Kc2 Bxc1 26. gxf5 Ba3 27. e6
Rdd8 28. exf7+ Kxf7 29. Bxd8 Rxd8 30. Rd1 Bxc5 31. Bxd5+ Kf6 32. Bxb7 Rxd1 33.
Kxd1 a5 34. Bc8 Ke5 35. Kc2 Kd4 36. Ba6 Be7 37. Bc4 Bg5 38. Bg8 h6 39. a3 Be7
40. b4 axb4 41. a4 Bd8 42. Kb3 Kc5 43. Bc4 h5 44. h3 h4 45. Be2 Be7 46. a5 Kc6
47. Ka4 Kb7 48. Bf3+ Ka6 49. Bd5 1/2-1/2

[Event "7. Open de Sants Hostafrancs"]
[Site "Barcelona ESP"]
[Date "2005.08.29"]
[Round "4.8"]
[White "Hernando Rodrigo, Julio A"]
[Black "Almeida, Omar"]
[Result "0-1"]
[WhiteElo "2371"]
[BlackElo "2462"]
[PlyCount "78"]
[EventDate "2005.08.27"]
[EventType "swiss"]
[EventRounds "10"]
[EventCountry "ESP"]
[Source "lmi"]
[SourceDate "2005.08.30"]

1. d4 Nf6 2. c4 e6 3. Nf3 c5 4. d5 exd5 5. cxd5 d6 6. Nc3 a6 7. a4 g6 8. h3 Bg7
9. e4 O-O 10. Bd3 Re8 11. O-O Nbd7 12. Re1 Qe7 13. Bf4 Nh5 14. Bh2 Qf8 15. g4
Nhf6 16. Nd2 Ne5 17. Bf1 g5 18. Bxe5 Rxe5 19. Nf3 Nd7 20. Nxe5 Nxe5 21. Bg2 Ng6
22. Ne2 Bxb2 23. Rb1 Be5 24. Ng3 Qd8 25. Qb3 Nf4 26. Bf1 Qf6 27. Qb6 h5 28. Nf5
hxg4 29. hxg4 Bxf5 30. exf5 Qh8 31. Bg2 Nxg2 32. Rxe5 Qxe5 33. Qxb7 Re8 34.
Kxg2 Qf4 35. Qd7 Re2 36. Qc8+ Kg7 37. Rf1 Qxg4+ 38. Kh1 Qf3+ 39. Kg1 Re4 0-1

[Event "7. Open de Sants Hostafrancs"]
[Site "Barcelona ESP"]
[Date "2005.08.29"]
[Round "4.9"]
[White "Handke, Florian"]
[Black "Halay, Taufik"]
[Result "1-0"]
[WhiteElo "2460"]
[BlackElo "2320"]
[PlyCount "51"]
[EventDate "2005.08.27"]
[EventType "swiss"]
[EventRounds "10"]
[EventCountry "ESP"]
[Source "lmi"]
[SourceDate "2005.08.30"]

1. e4 c5 2. Nf3 d6 3. d4 cxd4 4. Nxd4 Nf6 5. Nc3 g6 6. Be3 Bg7 7. f3 O-O 8. Qd2
Nc6 9. O-O-O Nxd4 10. Bxd4 Be6 11. Kb1 Qc7 12. h4 Rfc8 13. h5 Nxh5 14. Bxg7
Kxg7 15. g4 Nf6 16. Qh6+ Kg8 17. g5 Nh5 18. Bd3 Qd7 19. Nd5 Kh8 20. e5 Bh3 21.
e6 Qxe6 22. Rde1 Qxd5 23. Rxh3 Qa5 24. Reh1 f5 25. Rxh5 gxh5 26. g6 1-0

[Event "7. Open de Sants Hostafrancs"]
[Site "Barcelona ESP"]
[Date "2005.08.29"]
[Round "4.10"]
[White "Purnama, Tirta Chandra"]
[Black "Parligras, Mircea"]
[Result "0-1"]
[WhiteElo "2337"]
[BlackElo "2571"]
[PlyCount "57"]
[EventDate "2005.08.27"]
[EventType "swiss"]
[EventRounds "10"]
[EventCountry "ESP"]
[Source "lmi"]
[SourceDate "2005.08.30"]

1. d4 g6 2. c4 Bg7 3. Nf3 d6 4. Nc3 Bg4 5. g3 Bxf3 6. exf3 Nh6 7. Bh3 O-O 8.
Be3 Nc6 9. Qd2 Nf5 10. Bxf5 gxf5 11. O-O-O e6 12. Ne2 d5 13. g4 Ne7 14. Rdg1
dxc4 15. Bh6 f4 16. Bxg7 Kxg7 17. Nxf4 Kh8 18. Rg3 Qd6 19. Nh5 Rg8 20. Kb1 Ng6
21. Re1 Rad8 22. Re4 c5 23. Nf4 Nxf4 24. Qxf4 f5 25. Re5 Qxd4 26. Qxd4 cxd4 27.
Rxe6 d3 28. Kc1 Rd7 29. Rg1 0-1

[Event "7. Open de Sants Hostafrancs"]
[Site "Barcelona ESP"]
[Date "2005.08.29"]
[Round "4.11"]
[White "Nisipeanu, Liviu Dieter"]
[Black "Simon Padros, Emili"]
[Result "1-0"]
[WhiteElo "2679"]
[BlackElo "2287"]
[PlyCount "95"]
[EventDate "2005.08.27"]
[EventType "swiss"]
[EventRounds "10"]
[EventCountry "ESP"]
[Source "lmi"]
[SourceDate "2005.08.30"]

1. Nf3 Nf6 2. c4 g6 3. g3 Bg7 4. Bg2 O-O 5. O-O d6 6. Nc3 e5 7. d3 Nc6 8. Bg5
h6 9. Bxf6 Bxf6 10. Rb1 Be6 11. b4 Qd7 12. b5 Nd8 13. Nd2 Bg7 14. Nd5 c6 15.
bxc6 bxc6 16. Nb4 a5 17. Qa4 Bh3 18. Bxh3 Qxh3 19. Ne4 Qc8 20. Nc2 d5 21. Nc5
Ne6 22. Nxe6 Qxe6 23. Rb6 Rfc8 24. cxd5 Qxd5 25. Ne3 Qd4 26. Qxd4 exd4 27. Nc4
Re8 28. Re1 Re6 29. Kf1 Bf8 30. a3 Bc5 31. Rb2 Ra7 32. Reb1 Ree7 33. Rb8+ Kg7
34. R1b2 h5 35. h4 f6 36. Rc8 Rec7 37. Rbb8 Rxc8 38. Rxc8 Ra6 39. Rc7+ Kg8 40.
Kg2 a4 41. Kf3 Bf8 42. Rb7 Bc5 43. Rc7 Bf8 44. Ke4 Bc5 45. f4 Kf8 46. f5 g5 47.
hxg5 fxg5 48. f6 1-0

[Event "7. Open de Sants Hostafrancs"]
[Site "Barcelona ESP"]
[Date "2005.08.29"]
[Round "4.12"]
[White "Marin, Mihail"]
[Black "Arias Boo, Guillermo"]
[Result "1-0"]
[WhiteElo "2537"]
[BlackElo "2284"]
[PlyCount "65"]
[EventDate "2005.08.27"]
[EventType "swiss"]
[EventRounds "10"]
[EventCountry "ESP"]
[Source "lmi"]
[SourceDate "2005.08.30"]

1. c4 Nf6 2. Nc3 g6 3. g3 Bg7 4. Bg2 O-O 5. d4 d6 6. Nf3 Nbd7 7. O-O e5 8. e4
exd4 9. Nxd4 Re8 10. h3 Nc5 11. Re1 a5 12. b3 c6 13. Rb1 Nfd7 14. Be3 Nf8 15.
Qc2 h5 16. Rbd1 Qe7 17. f4 Nh7 18. Bf2 Bd7 19. a3 Na6 20. Na4 Rad8 21. Nb6 Bc8
22. Qd2 Nc5 23. b4 axb4 24. axb4 Ne6 25. Nxc8 Rxc8 26. Nf5 gxf5 27. exf5 Qf6
28. fxe6 Rxe6 29. Rxe6 Qxe6 30. Qxd6 Qxc4 31. Qd7 Ra8 32. Qxb7 Ra2 33. Qxc6 1-0

[Event "7. Open de Sants Hostafrancs"]
[Site "Barcelona ESP"]
[Date "2005.08.29"]
[Round "4.13"]
[White "Moskalenko, Viktor"]
[Black "Goossens, Etienne"]
[Result "0-1"]
[WhiteElo "2534"]
[BlackElo "2229"]
[PlyCount "70"]
[EventDate "2005.08.27"]
[EventType "swiss"]
[EventRounds "10"]
[EventCountry "ESP"]
[Source "lmi"]
[SourceDate "2005.08.30"]

1. d4 e6 2. c4 Bb4+ 3. Nc3 c5 4. a3 Bxc3+ 5. bxc3 Nc6 6. e4 d6 7. d5 Na5 8. f4
exd5 9. exd5 Nf6 10. Bd3 O-O 11. Ne2 Re8 12. f5 b5 13. Bg5 bxc4 14. Bb1 h6 15.
Bxf6 Qxf6 16. O-O Bd7 17. Kh1 Re3 18. Ng3 Rae8 19. Bc2 Qh4 20. Ba4 Bxa4 21.
Qxa4 Nb3 22. Rad1 f6 23. Qd7 R8e5 24. Kg1 Rxc3 25. Qxd6 Rd3 26. Rxd3 cxd3 27.
Qb8+ Kh7 28. Qxb3 Qd4+ 29. Kh1 c4 30. Qd1 c3 31. Qh5 d2 32. Qg6+ Kg8 33. Nh5
Re7 34. d6 Qxd6 35. Qg4 c2 0-1

[Event "7. Open de Sants Hostafrancs"]
[Site "Barcelona ESP"]
[Date "2005.08.29"]
[Round "4.14"]
[White "Gabrielsen, Trond"]
[Black "Megaranto, Susanto"]
[Result "1/2-1/2"]
[WhiteElo "2243"]
[BlackElo "2499"]
[PlyCount "117"]
[EventDate "2005.08.27"]
[EventType "swiss"]
[EventRounds "10"]
[EventCountry "ESP"]
[Source "lmi"]
[SourceDate "2005.08.30"]

1. e4 e6 2. d4 d5 3. Nc3 Nf6 4. e5 Nfd7 5. f4 c5 6. Nf3 Nc6 7. Be3 a6 8. Qd2 b5
9. dxc5 Bxc5 10. Bxc5 Nxc5 11. Qf2 Qb6 12. Bd3 Bb7 13. O-O Nd7 14. a4 Qxf2+ 15.
Kxf2 b4 16. Ne2 Nc5 17. Ned4 O-O 18. Ke3 Na5 19. b3 Rac8 20. Rac1 Rc7 21. f5 h6
22. g4 Re8 23. fxe6 Nxe6 24. Nxe6 Rxe6 25. Kf4 Nc6 26. h4 g6 27. Rce1 Kg7 28.
g5 h5 29. Re3 Re8 30. Rfe1 Bc8 31. R3e2 Bg4 32. Bxa6 Bxf3 33. Kxf3 Nd4+ 34. Kf4
Rc3 35. Bd3 Nxb3 36. cxb3 Rxd3 37. e6 Rxb3 38. exf7 Rf8 39. Ke5 Rh3 40. Kxd5
Rxh4 41. Re4 Rxe4 42. Rxe4 Rxf7 43. Kc4 Rf5 44. Kxb4 Rxg5 45. a5 Rg4 46. Rc4
Rg1 47. a6 Rb1+ 48. Kc5 Rb8 49. a7 Ra8 50. Ra4 h4 51. Kd4 h3 52. Ke3 h2 53. Rh4
Rxa7 54. Rxh2 Rf7 55. Rh3 Rf5 56. Rf3 Kf6 57. Rxf5+ Kxf5 58. Kf3 Kg5 59. Kg3
1/2-1/2

[Event "7. Open de Sants Hostafrancs"]
[Site "Barcelona ESP"]
[Date "2005.08.29"]
[Round "4.16"]
[White "Fabregas Fernandez, Bernat"]
[Black "Ledger, Andrew"]
[Result "1/2-1/2"]
[WhiteElo "2221"]
[BlackElo "2438"]
[PlyCount "120"]
[EventDate "2005.08.27"]
[EventType "swiss"]
[EventRounds "10"]
[EventCountry "ESP"]
[Source "lmi"]
[SourceDate "2005.08.30"]

1. e4 e6 2. d4 d5 3. Nd2 c5 4. exd5 Qxd5 5. Ngf3 cxd4 6. Bc4 Qd6 7. O-O Nf6 8.
Nb3 Nc6 9. Nbxd4 Nxd4 10. Nxd4 a6 11. c3 Qc7 12. Bb3 Bd6 13. h3 Bd7 14. Qf3
O-O-O 15. Bg5 Bh2+ 16. Kh1 Be5 17. a4 h6 18. Bh4 Bf4 19. Bxf6 gxf6 20. Bc2 Kb8
21. Be4 Be5 22. Qh5 f5 23. Bf3 Bc8 24. Rfd1 Bf6 25. a5 Rdg8 26. h4 Rd8 27. Ra4
Ka7 28. Rb4 Rd6 29. Ra1 Rhd8 30. Raa4 Bxd4 31. cxd4 Qc1+ 32. Kh2 Qf4+ 33. g3
Qd2 34. Kg2 e5 35. dxe5 Rg6 36. e6 Rdg8 37. Kf1 Qc1+ 38. Kg2 Qd2 39. Kf1 Qc1+
40. Kg2 fxe6 41. Rc4 Qd2 42. Kf1 Bd7 43. Rab4 Bb5 44. Rxb5 axb5 45. Rc7 R6g7
46. Rxb7+ Rxb7 47. Bxb7 Rf8 48. a6 e5 49. Qe2 Qxe2+ 50. Kxe2 Rd8 51. Ke3 Rd1
52. Bc8 f4+ 53. gxf4 exf4+ 54. Kxf4 Rd2 55. Ke3 Rxb2 56. f4 Rh2 57. f5 Rxh4 58.
f6 Rc4 59. Bd7 Rc1 60. Bxb5 Rc8 1/2-1/2

[Event "7. Open de Sants Hostafrancs"]
[Site "Barcelona ESP"]
[Date "2005.08.29"]
[Round "4.17"]
[White "Barrientos Chavarriaga, Sergio"]
[Black "Planas Ferret, Rossen"]
[Result "1-0"]
[WhiteElo "2433"]
[BlackElo "2215"]
[PlyCount "109"]
[EventDate "2005.08.27"]
[EventType "swiss"]
[EventRounds "10"]
[EventCountry "ESP"]
[Source "lmi"]
[SourceDate "2005.08.30"]

1. e4 d5 2. exd5 Qxd5 3. Nc3 Qd6 4. g3 c6 5. Bg2 Nf6 6. Nge2 Bf5 7. b4 a6 8. a4
e6 9. Rb1 Be7 10. d3 O-O 11. O-O Nbd7 12. h3 Rfd8 13. g4 Bg6 14. f4 Qc7 15. Kh1
Nb6 16. Qe1 Nfd5 17. a5 Nc8 18. Nxd5 cxd5 19. f5 Qxc2 20. Rb2 Qxd3 21. Nf4 Qc4
22. fxg6 hxg6 23. Nxe6 fxe6 24. Qxe6+ Kh7 25. Bf4 Qc6 26. Qe2 Bd6 27. Rc2 Qd7
28. Bg5 Re8 29. Qd3 Bxb4 30. Bxd5 Nd6 31. Bf7 Qxf7 32. Rxf7 Nxf7 33. Bh4 Bxa5
34. Qd5 Bd8 35. Bg3 Nh6 36. Qxb7 Bf6 37. Rc6 Ng8 38. Qb1 Ne7 39. Rc5 Kh8 40.
Bc7 a5 41. Bxa5 Reb8 42. Qe4 Ra7 43. Bc3 Bxc3 44. Rxc3 Rb2 45. Rc1 Ng8 46. Qxg6
Raa2 47. Qh5+ Nh6 48. Qd5 Rc2 49. Rb1 Rcb2 50. Rxb2 Rxb2 51. g5 Ng8 52. Qd4
Rb1+ 53. Kg2 Ne7 54. Qe4 Rb2+ 55. Kg1 1-0

[Event "7. Open de Sants Hostafrancs"]
[Site "Barcelona ESP"]
[Date "2005.08.29"]
[Round "4.18"]
[White "Mascaro March, Pedro"]
[Black "Aguilar Garrido, Ivan"]
[Result "1-0"]
[WhiteElo "2406"]
[BlackElo "2203"]
[PlyCount "65"]
[EventDate "2005.08.27"]
[EventType "swiss"]
[EventRounds "10"]
[EventCountry "ESP"]
[Source "lmi"]
[SourceDate "2005.08.30"]

1. d4 Nf6 2. c4 g6 3. Nc3 Bg7 4. e4 d6 5. h3 O-O 6. Bg5 h6 7. Be3 Na6 8. Bd3 c5
9. d5 Nc7 10. Nge2 a6 11. a4 b6 12. O-O Rb8 13. f4 e6 14. dxe6 Bxe6 15. Qd2 Bc8
16. Rad1 Qe7 17. Bb1 Nfe8 18. f5 g5 19. h4 Bxc3 20. Nxc3 f6 21. Qe2 Ng7 22.
hxg5 hxg5 23. g4 Bb7 24. Rf3 Kf7 25. Qh2 Nce8 26. Bf2 Rd8 27. Rfd3 Qc7 28. Bg3
Ke7 29. Qh6 Rc8 30. Rxd6 Nxd6 31. Bxd6+ Qxd6 32. Qxg7+ Rf7 33. Qxf7+ 1-0

[Event "7. Open de Sants Hostafrancs"]
[Site "Barcelona ESP"]
[Date "2005.08.29"]
[Round "4.20"]
[White "Almeida Toledano, Daniel"]
[Black "Gonzalez Rodriguez, Jorge A"]
[Result "1-0"]
[WhiteElo "2163"]
[BlackElo "2386"]
[PlyCount "44"]
[EventDate "2005.08.27"]
[EventType "swiss"]
[EventRounds "10"]
[EventCountry "ESP"]
[Source "lmi"]
[SourceDate "2005.08.30"]

1. e4 e6 2. d4 d5 3. Nd2 Nf6 4. e5 Nfd7 5. Bd3 c5 6. c3 b6 7. Ne2 Ba6 8. Bxa6
Nxa6 9. Nf3 Nab8 10. O-O Nc6 11. Nf4 h6 12. c4 Nxd4 13. Nxd4 cxd4 14. cxd5 Nxe5
15. dxe6 Qd6 16. exf7+ Kxf7 17. Qb3+ Kf6 18. Nd5+ Kg6 19. f4 Nc6 20. f5+ Kh7
21. Bf4 Qd7 22. f6 Rc8 1-0

[Event "7. Open de Sants Hostafrancs"]
[Site "Barcelona ESP"]
[Date "2005.08.30"]
[Round "5.1"]
[White "Almeida, Omar"]
[Black "Peralta, Fernando"]
[Result "1/2-1/2"]
[WhiteElo "2462"]
[BlackElo "2553"]
[PlyCount "39"]
[EventDate "2005.08.27"]
[EventType "swiss"]
[EventRounds "10"]
[EventCountry "ESP"]
[Source "lmi"]
[SourceDate "2005.08.30"]

1. d4 f5 2. c4 e6 3. g3 Nf6 4. Bg2 c6 5. Nh3 d5 6. Qc2 Bd6 7. O-O O-O 8. Bf4
Be7 9. Nd2 a5 10. Bxb8 Rxb8 11. Nf4 Bd6 12. Nf3 Bxf4 13. gxf4 Bd7 14. e3 Be8
15. cxd5 cxd5 16. Rfc1 Bb5 17. Ne5 Nd7 18. Nxd7 Qxd7 19. Qc7 Qxc7 20. Rxc7
1/2-1/2